000
00308nam a2200121Ia 4500
008
191201s2011 xx 000 0 und d
100
_a
HELFAND, Lewis
245
0
_a
Wright Brothers
260
_b
Kalyani Navyug Media Pvt Ltd
_c
2011
_a
New Delhi
300
_a
68
650
_a
General Books
942
_2
ddc
_c
BK
999
_c
6786
_d
6786